[Event "European Blitz 2022"]
[Site "Katowice POL"]
[Date "2022.12.16"]
[Round "8.47"]
[White "Marczuk, Dominik"]
[Black "Langheinrich, Ferenc"]
[Result "1/2-1/2"]
[WhiteTitle "FM"]
[BlackTitle "IM"]
[WhiteElo "2253"]
[BlackElo "2381"]
[WhiteFideId "1111264"]
[BlackFideId "4641973"]
[EventDate "2022.12.16"]

1. c4 Nf6 2. g3 g6 3. Bg2 Bg7 4. Nc3 O-O 5. e4 c5 6. Nge2 Nc6 7. O-O d6 8. d3
Rb8 9. h3 a6 10. a4 Ne8 11. Be3 Nd4 12. Rb1 Nc7 13. b4 b6 14. bxc5 dxc5 15. Nd5
Nxd5 16. exd5 e6 17. Nxd4 cxd4 18. Bf4 e5 19. Bd2 Bf5 20. Qb3 a5 21. Rfc1 h5 22.
Qa3 Re8 23. c5 bxc5 24. Rxb8 Qxb8 25. g4 hxg4 26. hxg4 Bxg4 27. Qxc5 Rc8 28.
Qxa5 Rxc1+ 29. Bxc1 Qb1 30. Qd2 Bf8 31. Kh2 Bd7 32. a5 Bb4 33. Qh6 Bf8 34. Qd2
Bb4 35. Qh6 Bf8 36. Qd2 Bb4 1/2-1/2

[Event "European Blitz 2022"]
[Site "Katowice POL"]
[Date "2022.12.16"]
[Round "8.48"]
[White "Morgunov, Marc"]
[Black "Olenik Campa, Rudi"]
[Result "1-0"]
[WhiteTitle "FM"]
[BlackTitle "CM"]
[WhiteElo "2402"]
[BlackElo "2358"]
[WhiteFideId "1640305"]
[BlackFideId "14633264"]
[EventDate "2022.12.16"]

1. e4 c5 2. Nf3 Nc6 3. d4 cxd4 4. Nxd4 Nf6 5. Nc3 e5 6. Ndb5 d6 7. Bg5 a6 8. Na3
b5 9. Bxf6 gxf6 10. Nd5 f5 11. Bd3 Be6 12. c3 Bxd5 13. exd5 Ne7 14. Nxb5 Bg7 15.
Na3 e4 16. Bc2 Ng6 17. Ba4+ Kf8 18. Bc6 Rb8 19. Nc4 Qg5 20. g3 Ne5 21. Nxe5 Bxe5
22. Qe2 f4 23. Qxe4 Rxb2 24. O-O fxg3 25. fxg3 Qd2 26. Rxf7+ Kxf7 27. Rf1+ Kg7
28. Qg4+ Kh6 29. Qh3+ Kg7 30. Qd7+ Kh6 31. Qe6+ Kg5 32. h4+ Kh5 33. Rf5+ Kg4 34.
Rf4+ Kh5 35. Qf5+ 1-0

[Event "European Blitz 2022"]
[Site "Katowice POL"]
[Date "2022.12.16"]
[Round "8.49"]
[White "Redzisz, Michal"]
[Black "Spalir, Jernej"]
[Result "0-1"]
[WhiteTitle "FM"]
[BlackTitle "IM"]
[WhiteElo "2260"]
[BlackElo "2377"]
[WhiteFideId "21816107"]
[BlackFideId "14606518"]
[EventDate "2022.12.16"]

1. d4 d5 2. c4 c6 3. Nf3 Nf6 4. Nbd2 g6 5. g3 Bg7 6. Bg2 O-O 7. O-O Na6 8. b3
Bf5 9. Bb2 Rc8 10. a3 Ne4 11. Nh4 Nxd2 12. Qxd2 Be6 13. c5 b6 14. b4 bxc5 15.
dxc5 Bxb2 16. Qxb2 Bd7 17. e4 e6 18. f4 f5 19. exf5 exf5 20. Nf3 Qf6 21. Ne5 Rb8
22. Qe2 Bc8 23. Rad1 Nc7 24. Rfe1 Kg7 25. Qd2 Re8 26. Nf3 Ba6 27. Nd4 Bc4 28. h4
Nb5 29. Nxb5 Bxb5 30. Bf1 Bxf1 31. Kxf1 Re4 32. Rxe4 fxe4 33. Qd4 h5 34. Kf2 a5
35. Qxf6+ Kxf6 36. Rb1 d4 37. b5 Ke6 38. b6 Kd5 39. Rc1 e3+ 40. Kf3 Re8 41. Ke2
Ke4 42. Rc4 Re7 43. Ra4 Rd7 44. Rc4 Kd5 45. Ra4 Kxc5 46. Rxa5+ Kxb6 47. Rg5 d3+
48. Ke1 d2+ 49. Kd1 e2+ 0-1

[Event "European Blitz 2022"]
[Site "Katowice POL"]
[Date "2022.12.16"]
[Round "8.50"]
[White "Barski, Radoslaw"]
[Black "Zamekhovskiy, Yevgen"]
[Result "0-1"]
[WhiteTitle "IM"]
[WhiteElo "2441"]
[BlackElo "2095"]
[WhiteFideId "1131710"]
[BlackFideId "14174413"]
[EventDate "2022.12.16"]

1. d4 d5 2. Nf3 e6 3. c4 Nf6 4. g3 Bb4+ 5. Nbd2 O-O 6. Bg2 dxc4 7. O-O b5 8. Qc2
Bb7 9. a4 a6 10. Rd1 Nbd7 11. e4 c5 12. e5 Nd5 13. Ne4 h6 14. dxc5 Nxc5 15. Nd6
Bc6 16. Nd4 Qd7 17. b3 Nxb3 18. Nxb3 cxb3 19. Qxb3 bxa4 20. Qd3 a5 21. Bxh6 gxh6
22. Qd4 f5 23. Qh4 Bxd6 24. exd6 Ra7 25. Qxh6 Qxd6 26. Re1 Qe7 27. Rxe6 Qg7 28.
Rxc6 Qxa1+ 29. Bf1 Rg7 30. Qe6+ Rgf7 31. Qxd5 Qg7 32. Qxa5 Rf6 33. Qxa4 Rxc6 34.
Qxc6 Kh8 35. h4 f4 36. Qf3 fxg3 37. Qxg3 Qf6 38. Bg2 Qa1+ 39. Kh2 Qf6 40. Kg1
Rg8 41. Qh3 Qa1+ 42. Kh2 Qe5+ 43. Kg1 Qe1+ 44. Kh2 Qxf2 45. Qc3+ Rg7 46. Qc8+
Kh7 47. Qh3 Qf4+ 48. Kh1 Qc1+ 49. Kh2 Qf4+ 50. Kh1 Rg4 51. Qd3+ Kh6 52. Qa6+ Rg6
53. Qe2 Qxh4+ 54. Kg1 Qd4+ 55. Kh1 Kg7 56. Qe7+ Kg8 57. Qe8+ Kg7 58. Qe7+ Kh6
59. Qf8+ Kg5 60. Qe7+ Rf6 61. Qg7+ Kf4 62. Qc7+ Ke3 63. Qg3+ Kd2 64. Qg5+ Rf4
65. Qa5+ Ke3 66. Qe1+ Kd3 67. Bf1+ Kc2 68. Qe2+ Kc1 69. Qe1+ Kc2 70. Qe2+ Kc3
71. Qe1+ Kb2 72. Qe2+ Ka3 73. Bh3 Qa1+ 74. Kg2 Qg7+ 75. Kh1 Qb7+ 76. Kh2 Qc7 77.
Qe3+ Kb4 78. Qd2+ Ka3 79. Qe3+ Kb4 80. Qd2+ Ka3 81. Qe3+ Kb2 82. Qd2+ Qc2 83.
Qxc2+ Kxc2 84. Kg3 Rf8 85. Bg4 Kd3 86. Kh4 Rg8 87. Be6 Rg7 88. Bf5+ Ke3 89. Kh5
Kf4 90. Kh6 Rg1 91. Bg6 Ke5 92. Kg7 Ke6 93. Kh7 Kf6 94. Be4 Rg7+ 95. Kh8 Rg5 96.
Bh7 Kf7 97. Be4 Rg8+ 98. Kh7 Rg4 99. Bd5+ Kf6 100. Kh8 Rh4+ 101. Kg8 Rd4 102.
Bb3 Rb4 103. Ba2 Rb8+ 104. Kh7 Ra8 105. Bd5 Ra7+ 106. Kg8 Rg7+ 107. Kf8 Rd7 108.
Bc6 Rd8+ 109. Be8 Rb8 110. Kg8 Rxe8+ 111. Kh7 Rf8 0-1

[Event "European Blitz 2022"]
[Site "Katowice POL"]
[Date "2022.12.16"]
[Round "8.51"]
[White "Tuomainen, Felix"]
[Black "Piesik, Piotr"]
[Result "0-1"]
[WhiteTitle "FM"]
[BlackTitle "IM"]
[WhiteElo "2232"]
[BlackElo "2420"]
[WhiteFideId "1720813"]
[BlackFideId "1136194"]
[EventDate "2022.12.16"]

1. d4 c5 2. d5 e5 3. c4 d6 4. Nc3 Be7 5. g3 Bg5 6. Bg2 Bxc1 7. Rxc1 Ne7 8. e4
O-O 9. Nge2 f5 10. Qd2 Nd7 11. O-O Nf6 12. f4 Ng6 13. exf5 Bxf5 14. fxe5 Nd7 15.
e6 Nde5 16. b3 a6 17. Nf4 b5 18. Nxg6 Bxg6 19. cxb5 axb5 20. Nxb5 Rxf1+ 21. Rxf1
Bd3 22. a4 Bxf1 23. Kxf1 Qe7 24. Kg1 h5 25. Qe3 c4 26. bxc4 Nxc4 27. Qb3 Ne5 28.
Nd4 Qa7 29. Qe3 Ng4 30. Qd3 Qxa4 31. h3 Qa1+ 32. Bf1 Ne5 33. Qe3 0-1

[Event "European Blitz 2022"]
[Site "Katowice POL"]
[Date "2022.12.16"]
[Round "8.52"]
[White "Dvirnyy, Danyyil"]
[Black "Kaminski, Jan"]
[Result "1-0"]
[WhiteTitle "GM"]
[WhiteElo "2530"]
[BlackElo "1888"]
[WhiteFideId "817570"]
[BlackFideId "1156578"]
[EventDate "2022.12.16"]

1. Nf3 g6 2. e4 c5 3. Nc3 Bg7 4. d4 cxd4 5. Nxd4 Nc6 6. Be3 Nf6 7. Bc4 O-O 8.
Bb3 a5 9. O-O a4 10. Nxa4 Nxe4 11. Nb5 Ra6 12. c4 Na5 13. Qe2 Nd6 14. Nbc3 Nf5
15. Bg5 Nxb3 16. axb3 Re8 17. Nb5 d6 18. Rad1 Bd7 19. Nac3 Bc6 20. Rfe1 h6 21.
Bf4 Qc8 22. h3 g5 23. Bc1 Nh4 24. Nd5 Bxd5 25. Rxd5 Qc6 26. g3 Ng6 27. Rxd6 Qc8
28. Rxa6 bxa6 29. Nd6 1-0

[Event "European Blitz 2022"]
[Site "Katowice POL"]
[Date "2022.12.16"]
[Round "8.54"]
[White "Hrabinska, Myroslava"]
[Black "Hjartarson, Johann"]
[Result "0-1"]
[WhiteTitle "WGM"]
[BlackTitle "GM"]
[WhiteElo "2210"]
[BlackElo "2476"]
[WhiteFideId "14109190"]
[BlackFideId "2300044"]
[EventDate "2022.12.16"]

1. e4 g6 2. d4 Bg7 3. Nc3 d6 4. Bg5 h6 5. Bh4 Nc6 6. Bb5 Bd7 7. Nf3 a6 8. Be2
Bg4 9. d5 Bxf3 10. Bxf3 Nd4 11. Qd3 c5 12. O-O Nf6 13. Bd1 O-O 14. f4 b5 15. a3
Nd7 16. Kh1 Re8 17. Bg4 b4 18. axb4 cxb4 19. Na4 Rb8 20. Bf2 Nb5 21. c4 bxc3 22.
bxc3 Qc7 23. Rfc1 h5 24. Bxd7 Qxd7 25. Rab1 Qg4 26. g3 Na3 27. Rxb8 Rxb8 28. c4
Bb2 29. Re1 Rb4 30. Nb6 a5 31. c5 dxc5 32. Bxc5 Rb5 33. Bxa3 Rxb6 34. Bxe7 a4
35. d6 Rb3 36. Qd1 Qd7 37. Qd5 Rb5 38. Qa8+ Kh7 39. Qf8 Qe6 40. Bg5 a3 41. f5
gxf5 42. d7 Qxd7 43. Qh6+ Kg8 44. Bf6 Bxf6 45. Qxf6 fxe4 46. Qf4 Qd5 47. Qe3 a2
48. Ra1 Rb1+ 0-1

[Event "European Blitz 2022"]
[Site "Katowice POL"]
[Date "2022.12.16"]
[Round "8.55"]
[White "Stevanic, David"]
[Black "Peyrer, Konstantin"]
[Result "0-1"]
[WhiteTitle "FM"]
[BlackTitle "FM"]
[WhiteElo "2249"]
[BlackElo "2380"]
[WhiteFideId "14613921"]
[BlackFideId "1640879"]
[EventDate "2022.12.16"]

1. e4 e5 2. Nf3 Nc6 3. d4 exd4 4. Bc4 Nf6 5. O-O Nxe4 6. Re1 d5 7. Bxd5 Qxd5 8.
Nc3 Qh5 9. Nxe4 Be6 10. Nxd4 Qxd1 11. Rxd1 O-O-O 12. Be3 Nxd4 13. Bxd4 b6 14.
Ng5 Bd5 15. a4 f6 16. Nh3 Be7 17. a5 Kb7 18. Nf4 Bf7 19. axb6 axb6 20. c3 Bb3
21. Re1 Bd6 22. Ne6 Rd7 23. g3 Re8 24. Nf4 Rde7 25. Rxe7 Rxe7 26. Kg2 Rd7 27.
Be3 Be5 28. Ne2 Bc4 29. Nd4 c5 30. Nf3 Bd5 31. h4 h5 32. Rc1 Bc6 33. b4 c4 34.
Bd4 Bxd4 35. cxd4 Rxd4 36. Re1 Rd3 37. Re3 Rxe3 38. fxe3 Bxf3+ 39. Kxf3 Kc6 0-1

[Event "European Blitz 2022"]
[Site "Katowice POL"]
[Date "2022.12.16"]
[Round "8.56"]
[White "Salna, Aleksandras"]
[Black "Arkell, Keith C"]
[Result "0-1"]
[BlackTitle "GM"]
[WhiteElo "2191"]
[BlackElo "2406"]
[WhiteFideId "12807575"]
[BlackFideId "400270"]
[EventDate "2022.12.16"]

1. d4 e6 2. c4 Bb4+ 3. Nc3 c5 4. dxc5 Na6 5. Qc2 Nf6 6. a3 Bxc3+ 7. Qxc3 Nxc5 8.
b4 Nce4 9. Qb2 d5 10. c5 h6 11. f3 Ng5 12. h4 Ngh7 13. Bd2 Nf8 14. e3 N8d7 15.
Bd3 Qc7 16. Ne2 e5 17. Bc3 O-O 18. O-O-O b6 19. cxb6 Nxb6 20. Kb1 Na4 21. Qc2
Nxc3+ 22. Qxc3 Qd6 23. f4 exf4 24. Nxf4 Bg4 25. Rc1 Rfe8 26. Qd4 a5 27. Qc5 Qe5
28. b5 a4 29. Qd4 Qd6 30. Qc5 Qxc5 31. Rxc5 Rxe3 32. Bc2 Rxa3 33. Nxd5 Nxd5 34.
Rxd5 Rg3 35. b6 Rb8 36. Rb5 Rxg2 37. Bxa4 Bd7 38. Rb4 Bxa4 39. Rxa4 Rxb6+ 0-1

[Event "European Blitz 2022"]
[Site "Katowice POL"]
[Date "2022.12.16"]
[Round "8.57"]
[White "Dzierzak, Radoslaw"]
[Black "Monroy, Charles"]
[Result "0-1"]
[WhiteTitle "FM"]
[BlackTitle "IM"]
[WhiteElo "2211"]
[BlackElo "2395"]
[WhiteFideId "1161407"]
[BlackFideId "621641"]
[EventDate "2022.12.16"]

1. e4 e5 2. Nf3 Nc6 3. Bc4 Nf6 4. d3 Be7 5. O-O O-O 6. a4 d5 7. exd5 Nxd5 8. Re1
Bg4 9. c3 Kh8 10. a5 a6 11. h3 Bh5 12. Nbd2 Qd7 13. Qb3 Nf4 14. Nxe5 Nxe5 15.
Rxe5 Bd6 16. Re3 Ne2+ 17. Rxe2 Bxe2 18. Ne4 Bh5 19. Qxb7 f5 20. Nxd6 Qxd6 21.
Qd5 Qf6 22. Bf4 Rae8 23. d4 Be2 24. Be5 Bxc4 25. Qxc4 Qg6 26. Qxc7 f4 27. f3 Re6
28. b4 Qg3 29. Rd1 Rg6 0-1

[Event "European Blitz 2022"]
[Site "Katowice POL"]
[Date "2022.12.16"]
[Round "8.58"]
[White "Haydon, David L"]
[Black "Reza, Wojciech"]
[Result "1-0"]
[WhiteTitle "FM"]
[BlackTitle "FM"]
[WhiteElo "2289"]
[BlackElo "2290"]
[WhiteFideId "415405"]
[BlackFideId "1151967"]
[EventDate "2022.12.16"]

1. Nf3 d5 2. e3 Nf6 3. b3 e6 4. Bb2 Be7 5. c4 O-O 6. Qc2 c5 7. Be2 Nc6 8. a3 d4
9. exd4 Nxd4 10. Nxd4 cxd4 11. f4 a5 12. O-O Bc5 13. d3 Bd7 14. Nd2 Rc8 15. Nf3
Be8 16. b4 axb4 17. axb4 Bxb4 18. Bxd4 Bc6 19. Qb2 Be7 20. Ne5 Qd6 21. Nxc6 bxc6
22. Be5 Qb4 23. Qc2 Qb6+ 24. d4 Ra8 25. Rab1 Qd8 26. Bf3 Ra6 27. Rb7 Nd7 28. Bc7
Qc8 29. Rfb1 g6 30. c5 Bf6 31. Qc4 Re8 32. Qxa6 Bxd4+ 33. Kh1 Nxc5 34. Qxc6 Nxb7
35. Qxb7 Qxb7 36. Rxb7 Rc8 37. g3 Kg7 38. Kg2 h5 39. Be4 Bf6 40. Kf3 Bd8 41.
Be5+ Bf6 42. Rc7 Rd8 43. Bxf6+ Kxf6 44. h3 Rb8 45. Rc3 Rb4 46. Re3 Ra4 47. Bc2
Rc4 48. Bb3 Rb4 49. Ke2 h4 50. Kf3 hxg3 51. Kxg3 Rb5 52. Rf3 Ra5 53. Kg4 Rb5 54.
Ba4 Ra5 55. Bc6 Rc5 56. Be4 Rc4 57. Bd3 Rd4 58. Kg3 Rb4 59. Kf2 Ra4 60. Ke3 Ra3
61. Rf2 Rb3 62. Rh2 Ra3 63. h4 Ra5 64. Kf3 e5 65. h5 gxh5 66. f5 Ra3 67. Ke3 Kg5
68. Rg2+ Kf6 69. Rg8 Rb3 70. Rh8 Kg5 71. Ke4 Ra3 72. Bc4 Ra4 73. Rc8 f6 74. Rg8+
Kh4 75. Rc8 Kg4 76. Rg8+ Kh4 77. Kd5 Ra1 78. Ke6 Rc1 79. Bd5 Re1 80. Kxf6 e4 81.
Ke5 e3 82. Bf3 Rf1 83. Ke4 Re1 84. f6 e2 85. Ke3 Ra1 86. Kxe2 Ra7 87. Rg7 Ra6
88. f7 Re6+ 89. Kd3 Rf6 90. Bd5 Kh3 91. Rg8 h4 1-0

[Event "European Blitz 2022"]
[Site "Katowice POL"]
[Date "2022.12.16"]
[Round "8.59"]
[White "Bazakutsa, Svyatoslav"]
[Black "Maltsevskaya, Aleksandra"]
[Result "1-0"]
[BlackTitle "IM"]
[WhiteElo "2318"]
[BlackElo "2400"]
[WhiteFideId "14198525"]
[BlackFideId "24174041"]
[EventDate "2022.12.16"]

1. c4 e5 2. g3 Nf6 3. Bg2 d5 4. cxd5 Nxd5 5. Nf3 Nc6 6. O-O Nb6 7. Nc3 Be7 8. b3
O-O 9. Bb2 Re8 10. Rc1 Bf8 11. d3 a5 12. Ne4 a4 13. Rxc6 bxc6 14. Nxe5 axb3 15.
axb3 Bb7 16. Nd2 Nd5 17. Qc2 Bd6 18. Nxc6 Bxc6 19. Qxc6 Ra2 20. Nc4 Nb6 21. Nxd6
cxd6 22. Bd4 Nd7 23. Qxd6 Nf8 24. Qxd8 Rxd8 25. Bb6 Rb8 26. Bc7 Rc8 27. Bf4 Rxe2
28. Rb1 Ne6 29. Be3 Rcc2 30. Bf3 Rb2 31. Ra1 Ra2 32. Rd1 Reb2 33. Bd5 h5 34. h4
Ra6 35. Bc4 Rd6 36. Ra1 Nd4 37. Ra8+ Kh7 38. Bxf7 Nf5 39. Bf4 Rxd3 40. Bg8+ Kg6
41. Ra6+ Nd6 42. Bxd6 Rb1+ 43. Kg2 Rdd1 44. Bc5+ Kf5 45. Kf3 Ke5 46. Be3 Rg1 47.
Bc4 Rgd1 48. Bf4+ Kf5 49. Ra5+ Kf6 50. Rxh5 Rd8 51. Bg5+ Kg6 52. Bxd8 1-0

[Event "European Blitz 2022"]
[Site "Katowice POL"]
[Date "2022.12.16"]
[Round "8.60"]
[White "Kacprzak, Karol"]
[Black "Koscielski, Janusz"]
[Result "1-0"]
[BlackTitle "FM"]
[WhiteElo "2226"]
[BlackElo "2260"]
[WhiteFideId "21819327"]
[BlackFideId "4614437"]
[EventDate "2022.12.16"]

1. e4 c6 2. Nf3 d5 3. Nc3 Bg4 4. h3 Bxf3 5. Qxf3 e6 6. d4 Nf6 7. exd5 cxd5 8.
Bd3 Nc6 9. Ne2 Be7 10. c3 a6 11. O-O O-O 12. Bf4 Bd6 13. Bg5 Be7 14. Bf4 Bd6 15.
Bg5 Be7 16. Rfe1 b5 17. b4 Nd7 18. Bxe7 Qxe7 19. a4 bxa4 20. Rxa4 Nb6 21. Rxa6
Rxa6 22. Bxa6 Qa7 23. Bd3 Qa3 24. Qe3 Qb2 25. Qc1 Qa2 26. Bb1 Qa6 27. Nf4 Nc4
28. Nh5 Ne7 29. Nf4 Ra8 30. Bd3 Qa2 31. Qb1 Qxb1 32. Rxb1 Nb6 33. Rb2 h6 34. g3
Kf8 35. Kg2 Ke8 36. Nh5 Kf8 37. Nf4 Ke8 38. h4 Ra3 39. Ne2 Kd7 40. Bb5+ Kd6 41.
Rc2 Nf5 42. Nf4 g6 43. Nd3 Ke7 44. Ne5 Nd6 45. Bd3 g5 46. h5 Na4 47. Ng4 Nxc3
48. Nxh6 Na4 49. Be2 Nc3 50. Bd3 Na4 1-0

[Event "European Blitz 2022"]
[Site "Katowice POL"]
[Date "2022.12.16"]
[Round "8.61"]
[White "Czerw, Dawid"]
[Black "Lucchi, Lorenzo"]
[Result "1-0"]
[WhiteTitle "IM"]
[WhiteElo "2373"]
[BlackElo "2084"]
[WhiteFideId "1145746"]
[BlackFideId "821160"]
[EventDate "2022.12.16"]

1. d4 d5 2. c4 e6 3. Nc3 Nf6 4. cxd5 exd5 5. Bg5 Be7 6. e3 c6 7. Bd3 Nbd7 8.
Nge2 h6 9. Bh4 Nh5 10. Bxe7 Qxe7 11. Qc2 Nb6 12. O-O-O Bd7 13. Kb1 O-O-O 14. Rc1
Kb8 15. Ka1 Nc8 16. Na4 Nd6 17. Nc5 Bc8 18. Qa4 f5 19. Rc3 Rhf8 20. Rhc1 f4 21.
Ra3 a6 22. Rb3 Nb5 23. Qb4 fxe3 24. Nxa6+ bxa6 25. Qxe7 1-0

[Event "European Blitz 2022"]
[Site "Katowice POL"]
[Date "2022.12.16"]
[Round "8.62"]
[White "Dzhuguryan, Tygran"]
[Black "Jablonicky, Martin"]
[Result "0-1"]
[BlackTitle "FM"]
[WhiteElo "2134"]
[BlackElo "2388"]
[WhiteFideId "21872988"]
[BlackFideId "14925621"]
[EventDate "2022.12.16"]

1. d4 Nf6 2. c4 g6 3. Nc3 Bg7 4. e4 d6 5. h3 O-O 6. Bg5 Na6 7. Be2 e5 8. d5 Qe8
9. Nf3 Nd7 10. Nd2 f5 11. exf5 Ndc5 12. Nde4 Nxe4 13. Nxe4 Bxf5 14. Bd3 Bxe4 15.
Bxe4 Nc5 16. Qc2 Nxe4 17. Qxe4 Qa4 18. O-O Rf7 19. f3 c5 20. dxc6 bxc6 21. b3
Qa6 22. Rad1 Bf8 23. Rd2 Qb7 24. c5 d5 25. Qxe5 Bxc5+ 26. Kh1 Qd7 27. Qc3 Bd6
28. Re2 Re8 29. Rfe1 Ref8 30. Qd3 Rxf3 31. Re3 Rxe3 32. Qxe3 Qf7 33. Kg1 Bc7 34.
Bh6 Bb6 35. Qxb6 axb6 36. Bxf8 Kxf8 37. Rf1 Ke7 38. Rxf7+ Kxf7 39. Kf2 Ke6 40.
Ke3 Ke5 41. b4 c5 42. bxc5 bxc5 43. a4 d4+ 0-1

[Event "European Blitz 2022"]
[Site "Katowice POL"]
[Date "2022.12.16"]
[Round "8.63"]
[White "Morkunas, Gustas"]
[Black "Vedrickas, Tautvydas"]
[Result "0-1"]
[WhiteTitle "FM"]
[BlackTitle "FM"]
[WhiteElo "2110"]
[BlackElo "2358"]
[WhiteFideId "12831026"]
[BlackFideId "12802654"]
[EventDate "2022.12.16"]

1. e4 g6 2. d4 Bg7 3. Nc3 d6 4. Nf3 Nd7 5. Be3 a6 6. Bd3 b5 7. Qd2 Bb7 8. O-O h6
9. a3 e6 10. Rfe1 Ne7 11. Rad1 Kf8 12. h3 Kg8 13. Nh2 Kh7 14. f4 c5 15. dxc5
Nxc5 16. Nf3 Rc8 17. Bd4 Bxd4+ 18. Nxd4 Qb6 19. Qf2 Rhf8 20. Nf3 Nd7 21. Ne2
Qxf2+ 22. Kxf2 Nc5 23. Nc3 Kg7 24. g4 Rfd8 25. Rd2 d5 26. e5 d4 27. Ne4 Bxe4 28.
Bxe4 d3 29. Bxd3 Nd5 30. Kg3 0-1

[Event "European Blitz 2022"]
[Site "Katowice POL"]
[Date "2022.12.16"]
[Round "8.65"]
[White "Kaliszuk, Kamil"]
[Black "Ternault, Mathieu"]
[Result "1/2-1/2"]
[BlackTitle "FM"]
[WhiteElo "2103"]
[BlackElo "2351"]
[WhiteFideId "21870160"]
[BlackFideId "20641532"]
[EventDate "2022.12.16"]

1. e4 Nc6 2. Nf3 d6 3. Nc3 Nf6 4. d4 g6 5. h3 Bg7 6. Bc4 O-O 7. O-O Nxe4 8. Nxe4
d5 9. Bd3 dxe4 10. Bxe4 Nxd4 11. Nxd4 Qxd4 12. Qf3 c6 13. Rd1 Qf6 14. Qb3 Qe6
15. Qf3 f5 16. Bd3 Qf7 17. c3 e5 18. Bc2 Be6 19. Be3 e4 20. Qe2 Bc4 21. Qd2 Qe7
22. Qd7 Rf7 23. Qxe7 Rxe7 24. Bc5 Rf7 25. Bb3 Bxb3 26. axb3 a6 27. Rd2 Bh6 28.
Rd4 Bf8 29. b4 Re8 30. Rad1 Bxc5 31. bxc5 e3 32. f4 Rfe7 33. Re1 Kf7 34. g3 h6
35. Kg2 g5 36. Kf3 e2 37. fxg5 hxg5 38. Rd2 Rh8 39. Kg2 Rhe8 40. Kf2 Re5 41.
Rdxe2 Rxe2+ 42. Rxe2 Rd8 43. h4 gxh4 44. gxh4 Kf6 45. Kf3 Rd3+ 46. Re3 Rd2 47.
Re2 Rd5 48. b4 Rd3+ 49. Re3 Rd1 50. Re8 Rc1 51. Rb8 Rxc3+ 52. Kg2 a5 53. bxa5
Rxc5 54. Rxb7 Rxa5 55. Rc7 Rc5 56. Kf3 Rc4 57. h5 Kg5 58. Rf7 Rc3+ 59. Kf2 Kf4
60. h6 Rh3 61. h7 Rh2+ 62. Kg1 Rh6 63. Rc7 Kf3 64. Rxc6 Rxh7 65. Rc3+ Kg4 66.
Rc4+ Kg3 67. Rc3+ Kg4 68. Rc4+ f4 69. Rc3 Ra7 70. Kg2 Ra2+ 71. Kg1 Re2 72. Ra3
Rc2 73. Rb3 Rc1+ 74. Kf2 Rh1 75. Kg2 Rh7 76. Ra3 Rf7 77. Rb3 Rd7 78. Ra3 Rd2+
79. Kg1 Re2 80. Kf1 f3 81. Ra8 Re5 82. Kf2 Re2+ 83. Kf1 Rc2 84. Rg8+ Kf4 85.
Rf8+ Ke3 86. Re8+ Kf4 87. Rf8+ Kg3 88. Rg8+ 1/2-1/2

[Event "European Blitz 2022"]
[Site "Katowice POL"]
[Date "2022.12.16"]
[Round "8.66"]
[White "Parol, Pola"]
[Black "Karas, Marek"]
[Result "1-0"]
[WhiteTitle "WFM"]
[BlackTitle "FM"]
[WhiteElo "2041"]
[BlackElo "2240"]
[WhiteFideId "1163116"]
[BlackFideId "14928558"]
[EventDate "2022.12.16"]

1. e4 e6 2. d4 d5 3. Nd2 c5 4. exd5 Qxd5 5. Ngf3 cxd4 6. Bc4 Qd6 7. O-O Nf6 8.
Nb3 Nc6 9. Nbxd4 Nxd4 10. Nxd4 a6 11. c3 Qc7 12. Bb3 Bd6 13. h3 O-O 14. Re1 e5
15. Nf3 Bf5 16. Bg5 Rad8 17. Qe2 Rfe8 18. Rad1 e4 19. Nd4 Bg6 20. Bxf6 gxf6 21.
Qg4 Qc8 22. Qxc8 Rxc8 23. Nc2 Rcd8 24. Ne3 Bc5 25. Rxd8 Rxd8 26. Rd1 Rxd1+ 27.
Bxd1 f5 28. g3 Kg7 29. h4 h6 30. b4 Bd6 31. Nd5 f6 32. c4 Bf7 33. a3 Be5 34. Bb3
Be6 35. Kf1 Kf7 36. Ke2 Bd4 37. a4 Be5 38. Ke3 Ke8 39. Nf4 Bf7 40. Nd5 Kd8 41.
Ba2 Kd7 42. Bb3 Bh5 43. Nf4 Bg4 44. Nd5 Bf3 45. Nf4 Bc3 46. Nd5 Be5 47. Nf4 Kc8
48. Nd5 Bh5 49. Ne7+ Kd7 50. Nxf5 Bc3 51. b5 Bf3 52. Nxh6 Kd6 53. Nf5+ Kc5 54.
Ne7 1-0

[Event "European Blitz 2022"]
[Site "Katowice POL"]
[Date "2022.12.16"]
[Round "8.67"]
[White "Wisniewski, Michal"]
[Black "Olde, Margareth"]
[Result "1/2-1/2"]
[WhiteTitle "FM"]
[BlackTitle "WIM"]
[WhiteElo "2168"]
[BlackElo "2244"]
[WhiteFideId "1159682"]
[BlackFideId "4503082"]
[EventDate "2022.12.16"]

1. Nf3 d5 2. c4 e6 3. g3 Nf6 4. Bg2 dxc4 5. Na3 Bxa3 6. bxa3 c6 7. Bb2 O-O 8.
Qc2 b5 9. a4 a6 10. O-O Bb7 11. Ne5 Qc7 12. d3 cxd3 13. exd3 Nbd7 14. Rfe1 c5
15. Bxb7 Qxb7 16. Nxd7 Nxd7 17. Qc3 e5 18. Qb3 Rfe8 19. Rab1 Qc6 20. Bc3 b4 21.
Bd2 a5 22. Rbc1 Nb6 23. Be3 Nxa4 24. Rc4 Rac8 25. Rec1 Qb5 26. Kf1 h6 27. Qc2
Red8 28. Bxc5 Nxc5 29. Rxc5 Rxc5 30. Qxc5 Qxd3+ 31. Kg1 Qd5 32. Qc7 a4 33. Qb6
b3 34. axb3 axb3 35. Rb1 Rd6 36. Qxb3 Qc5 37. Qf3 Rd8 38. Rb7 Qd5 39. Qxd5 Rxd5
40. h4 g6 41. Kg2 Kg7 42. Rb6 Rd3 43. Ra6 Rb3 44. Rc6 h5 45. Ra6 f6 46. Ra7+ Kf8
47. Rc7 Rd3 48. Ra7 e4 49. Rb7 Rd2 50. Kg1 Kg8 51. Re7 f5 52. Rb7 Rd8 53. Re7
Rf8 54. Kf1 Rf7 55. Re6 Kg7 56. Ke2 Rb7 57. Ra6 Rb2+ 58. Ke3 Rb3+ 59. Ke2 Rb7
60. Ke3 Rb3+ 61. Ke2 Rb2+ 62. Ke3 Rb7 63. Ke2 Kh6 64. Re6 Rb3 65. Re7 Ra3 66.
Rb7 Ra6 67. Rf7 Rd6 68. Ke3 Rd3+ 69. Ke2 Rb3 70. Ra7 Rb6 71. Rf7 Re6 72. Ke3 Ra6
73. Ke2 Ra2+ 74. Ke3 Ra6 75. Ke2 Ra8 76. Ke3 Rg8 77. Kf4 Re8 78. Rb7 Rc8 79. Ke3
Rc3+ 80. Ke2 Ra3 1/2-1/2

[Event "European Blitz 2022"]
[Site "Katowice POL"]
[Date "2022.12.16"]
[Round "8.68"]
[White "Vidruska, Renate"]
[Black "Grabarczyk, Miroslaw"]
[Result "1/2-1/2"]
[WhiteTitle "WFM"]
[BlackTitle "GM"]
[WhiteElo "1991"]
[BlackElo "2337"]
[WhiteFideId "11601841"]
[BlackFideId "1101684"]
[EventDate "2022.12.16"]

1. e4 e5 2. Nf3 Nf6 3. d4 Nxe4 4. Bd3 d5 5. Nxe5 Nd7 6. Nxd7 Bxd7 7. O-O Bd6 8.
Nc3 Nxc3 9. bxc3 O-O 10. Qh5 f5 11. Bg5 Qe8 12. Qh4 Qg6 13. Bf4 Bxf4 14. Qxf4
Qc6 15. Rab1 a6 16. Rfe1 b6 17. Re3 Rae8 18. Rg3 Qxc3 19. h4 Qc6 20. h5 Kh8 21.
Qg5 Qf6 22. Qf4 Qc6 23. Qg5 Qf6 24. Qf4 Qc6 25. Qg5 Qf6 1/2-1/2

[Event "European Blitz 2022"]
[Site "Katowice POL"]
[Date "2022.12.16"]
[Round "8.69"]
[White "Luczak, Filip"]
[Black "Strejczek, Dariusz"]
[Result "0-1"]
[WhiteTitle "FM"]
[WhiteElo "2326"]
[BlackElo "2149"]
[WhiteFideId "1193686"]
[BlackFideId "1122142"]
[EventDate "2022.12.16"]

1. b3 Nf6 2. Bb2 g6 3. e3 Bg7 4. Nf3 d6 5. Be2 e5 6. d4 e4 7. Nfd2 d5 8. Ba3 c6
9. c4 Be6 10. Nc3 a6 11. O-O b5 12. cxd5 cxd5 13. Rc1 Qa5 14. Bc5 Nbd7 15. b4
Qc7 16. Nb3 Nxc5 17. dxc5 O-O 18. Nd4 Nd7 19. a4 bxa4 20. Qxa4 Ne5 21. Bxa6 Nd3
22. Ra1 Rfb8 23. Rfb1 Bxd4 24. exd4 Qf4 25. Ra2 e3 26. f3 Qxd4 27. Ne2 Qh4 28.
g3 Qf6 29. Kg2 Bh3+ 30. Kxh3 Qxf3 31. Bxd3 Rxa4 32. Rxa4 g5 33. b5 h5 34. c6 Kg7
35. Rf4 gxf4 36. Nxf4 0-1